Name all A- Roads in Botswana - Statistics

General Stats
  • This quiz has been taken 9 times
  • The average score is 12 of 13
Answer Stats
Answer % Correct
1
100%
10
100%
12
100%
14
100%
15
100%
2
100%
20
100%
3
100%
30
100%
31
88%
32
88%
33
88%
35
75%
No matching quizzes found
Score Distribution
Percent of People with Each Score
Percentile by Number Answered
Your Score History
You have not taken this quiz